000 00908nam a2200277 a 4500
008
020 _a1872474268 (cased)
049 _aMAIN
090 _aQA279.5
245 0 0 _aProbabilistic reasoning and Bayesian belief networks /
_cedited by A. Gammerman.
260 _aHenley-on-Thames :
_bAlfred Waller in association with UNICOM,
_c1995.
300 _axix, 271 p. ;
_c25 cm.
504 _aIncludes bibliographical references.
500 _aIncludes index.
650 0 _aBayesian statistical decision theory.
650 0 _aProbabilities
_xData processing.
650 0 _aUncertainty (Information theory)
_xData processing.
653 0 _aBayesian methods
700 1 _aGammerman, A.
710 2 _aUNICOM Seminars.
907 _a.b10040638
_b21-03-13
_c17-04-03
003
005 20230123133207.0
040 _cNUST
942 _cBOOKS
_kQA279.5
999 _c144364
_d144364